logo

Bir Sreshtho Munshi Abdur Rouf Library
Jhenaidah Cadet College

সংগ্রামী সাধকদের ইতিহাস / (Record no. 11477)

MARC details
000 -LEADER
fixed length control field 00979nam a2200265 a 4500
001 - CONTROL NUMBER
JCCL Control Number 11477
003 - CONTROL NUMBER IDENTIFIER
JCCL marc code BD-JhCC
005 - DATE AND TIME OF LATEST TRANSACTION
control field 20220322134023.0
008 - FIXED-LENGTH DATA ELEMENTS--GENERAL INFORMATION
fixed length control field 190625b 2016bg |||| ||a| 000 0 ben d
020 ## - INTERNATIONAL STANDARD BOOK NUMBER
International Standard Book Number 7789849II235II
035 ## - SYSTEM CONTROL NUMBER
system control number (BD-JhCC)14477
040 ## - CATALOGING SOURCE
Original cataloging agency BD-JhCC
Modifying agency BD-JhCC
041 ## - LANGUAGE CODE
Language code of Book ben
082 ## - DEWEY DECIMAL CLASSIFICATION NUMBER
Classification number 297.0922
Author mark and Year NAD 2016
100 ## - MAIN ENTRY--PERSONAL NAME
Personal name নদভী, সাইয়েদ আবুল হাসান আলী
245 ## - TITLE STATEMENT
Title সংগ্রামী সাধকদের ইতিহাস /
Statement of responsibility, etc অনু: আবু সাঈদ মুহাম্মদ ওমর আলী ।
260 ## - PUBLICATION, DISTRIBUTION, ETC. (IMPRINT)
Place of publication, distribution, etc ঢাকা:
Name of publisher, distributor, etc মাকতাবাতুল হেরা;
Date of publication, distribution, etc ২০১৬.
300 ## - PHYSICAL DESCRIPTION
Pagination ৫৪২ পৃ. :
Dimensions ২২ সেমি.
650 ## - SUBJECT ADDED ENTRY--TOPICAL TERM
Topical term or geographic name as entry element Muslim Scholars
650 ## - SUBJECT ADDED ENTRY--TOPICAL TERM
Topical term or geographic name as entry element Islamic History
650 ## - SUBJECT ADDED ENTRY--TOPICAL TERM
Topical term or geographic name as entry element Muslims Philosophrs
700 ## - ADDED ENTRY--PERSONAL NAME
Personal name আলী, আবু সাঈদ মুহাম্মদ ওমর
942 ## - ADDED ENTRY ELEMENTS (KOHA)
Source of classification or shelving scheme Dewey Decimal Classification
Koha item type Books
Koha issues (borrowed), all copies 21
Holdings
Source of classification or shelving scheme volume number Damaged status Not for loan Home library Current library Shelving location Date of accession Cost, normal purchase price Total Checkouts Full call number Barcode Date last seen Date checked out Copy number Koha item type
Dewey Decimal Classification V-1     JCC Rouf Library JCC Rouf Library General Stacks 06/25/2019 450.00 4 297.0922 NAD 2016 15704 06/20/2023 09/25/2021 C-1 Books
Dewey Decimal Classification V-2     JCC Rouf Library JCC Rouf Library General Stacks 06/25/2019 450.00 2 297.0922 NAD 2016 15705 05/11/2022 09/27/2021 C-1 Books
Dewey Decimal Classification V-3     JCC Rouf Library JCC Rouf Library General Stacks 06/25/2019 450.00 1 297.0922 NAD 2016 15706 03/31/2022 03/21/2022 C-1 Books
Dewey Decimal Classification V-4     JCC Rouf Library JCC Rouf Library General Stacks 06/25/2019 450.00 1 297.0922 NAD 2016 15707 08/13/2022 03/21/2022 C-1 Books
Dewey Decimal Classification V-5     JCC Rouf Library JCC Rouf Library General Stacks 06/25/2019 450.00 1 297.0922 NAD 2016 15708 03/31/2022 03/21/2022 C-1 Books
Dewey Decimal Classification V-6     JCC Rouf Library JCC Rouf Library General Stacks 06/25/2019 450.00 1 297.0922 NAD 2016 15709 03/31/2022 03/21/2022 C-1 Books
Dewey Decimal Classification V-7     JCC Rouf Library JCC Rouf Library General Stacks 06/25/2019 450.00 1 297.0922 NAD 2016 15710 05/25/2022 03/21/2022 C-1 Books

JCC Library | Contacts | JCC Home

Last Update on 23 September 2017
Copyright @ 2017-2020 JCC Rouf Library
Rouf Library, Jhenidah Cadet College (JCC), Bangladesh